000
00284nam a2200097Ia 4500
001
1228930
005
20250827093051.0
008
250824s9999 xx 000 0 und d
245
0
_a
ZEPLİN TEYZENİN YILDIZLARI
_c
ASUMAN PORTAKAL
260
_b
ALTIN KİTAPLAR YAYINLARI
999
_c
1228930
_d
1228930